Computer Oriented Numerical Methods (Record no. 338042)

MARC details
000 -LEADER
fixed length control field 00451nam a2200169Ia 4500
008 - FIXED-LENGTH DATA ELEMENTS--GENERAL INFORMATION
fixed length control field 230718s9999 xx 000 0 und d
020 ## - INTERNATIONAL STANDARD BOOK NUMBER
International Standard Book Number 9788120335394
041 ## - LANGUAGE CODE
Language code of text/sound track or separate title eng
082 ## - DEWEY DECIMAL CLASSIFICATION NUMBER
Classification number 519.4024
Item number THA
100 ## - MAIN ENTRY--PERSONAL NAME
Personal name Thangaraj P.
245 ## - TITLE STATEMENT
Title Computer Oriented Numerical Methods
260 ## - PUBLICATION, DISTRIBUTION, ETC. (IMPRINT)
Date of publication, distribution, etc. 2013
Name of publisher, distributor, etc. PHI Learning
300 ## - PHYSICAL DESCRIPTION
Extent 588
365 ## - TRADE PRICE
Currency code Rs.
Price amount 350.00
700 ## - ADDED ENTRY--PERSONAL NAME
Personal name Thangaraj P.
906 ## - LOCAL DATA ELEMENT F, LDF (RLIN)
d O:0412103-Sep-2014B:IN 68124-Jul-2014
c MECH
b 472.5
Holdings
Withdrawn status Lost status Damaged status Not for loan Home library Current library Date acquired Vendor Budget Code Cost, normal purchase price Bill number Total Checkouts Full call number Barcode Date last seen Date last checked out Discount Cost, replacement price Bill Date Koha item type Original Barcode
        Cummins College of Engineering for Women Pune Cummins College of Engineering for Women Pune 03/09/2014 Pradeep Book Distributors MECH 255.50 IN 681 1 519.4024 CCEP-BK-49249 20/12/2023 16/12/2023 472.5 350.00 24/07/2014 Books 049249